| 000 | 01523nam a2200361Ia 4500 | ||
|---|---|---|---|
| 001 | ebr10076774 | ||
| 003 | CaPaEBR | ||
| 006 | m u | ||
| 007 | cr cn||||||||| | ||
| 008 | 040609s2004 enka sb 001 0 eng d | ||
| 020 | _z0761967648 | ||
| 020 | _z0761967656 | ||
| 040 |
_aCaPaEBR _cCaPaEBR |
||
| 035 | _a(OCoLC)70774088 | ||
| 050 | 1 | 4 |
_aGV1853.3.C22 _bD573 2004eb |
| 082 | 0 | 4 |
_a306.3 _222 |
| 100 | 1 | _aBryman, Alan. | |
| 245 | 1 | 4 |
_aThe Disneyization of society _h[electronic resource] / _cAlan Bryman. |
| 260 |
_aLondon ; _aThousand Oaks, Calif. : _bSAGE, _c2004. |
||
| 300 |
_aviii, 199 p. : _bill. |
||
| 504 | _aIncludes bibliographical references (p. 179-191) and indexes. | ||
| 505 | 0 | _aDisneyization -- Theming -- Hybrid consumption -- Merchandising -- Performative labour -- Control and surveillance -- Implications of Disneyization. | |
| 533 |
_aElectronic reproduction. _bPalo Alto, Calif. : _cebrary, _d2009. _nAvailable via World Wide Web. _nAccess may be limited to ebrary affiliated libraries. |
||
| 610 | 2 | 0 |
_aWalt Disney Company _xHistory. |
| 650 | 0 |
_aAmusement parks _zUnited States _xSociological aspects. |
|
| 650 | 0 |
_aConsumption (Economics) _xSocial aspects _zUnited States. |
|
| 650 | 0 | _aGlobalization. | |
| 651 | 0 | _aDisneyland (Calif.) | |
| 651 | 0 | _aWalt Disney World (Fla.) | |
| 655 | 7 |
_aElectronic books. _2local |
|
| 710 | 2 | _aebrary, Inc. | |
| 856 | 4 | 0 |
_uhttp://site.ebrary.com/lib/rucke/Doc?id=10076774 _zAn electronic book accessible through the World Wide Web; click to view |
| 999 |
_c74011 _d74011 |
||